00303nam a2200121Ia 4500008004100000100003000041245002500071260004200096300000900138650001000147942000700157999001700164190216s9999||||xx |||||||||||||| ||und|| aSoban Pal Sumnakshar. Dr. 0aHindi- Dalit Sahitya bBharatiya Dalit Sahitya Acadamyc2002 a2002 aHindi cBK c16145d16145